| 000 | 00523nam a22001451 4500 | ||
|---|---|---|---|
| 001 | c 98000359 | ||
| 003 | DLC | ||
| 005 | 20260227111040.0 | ||
| 008 | 801210s1898 pauaf 00000 eng | ||
| 010 | _ac 98000359 | ||
| 100 | 1 | 0 | _aMinter, Luther. |
| 245 | 0 | 4 |
_aThe compendium of every-day wants; _bor, Practical information for the millions; being four books in one volume ... _cWith an introduction by H. A. Davis ... |
| 260 | 0 |
_aHarrisburg, Pa., _bThe Minter co. _c[1898] |
|
| 300 |
_axx, 5-608, xxiv p. _billus., pl. _c8⁰. |
||
| 999 |
_c13277 _d13277 |
||